00901nam a22001817a 450000500170000002000230001703500330004003700130007310000210008624500960010726000450020330000250024894200300027399900170030395201260032095201370044695201360058320180806171357.0 a0195672011c595.00 aB-163256, b-163255, B-163258 aDPLbENG aSubedi, Surya P. aDynamics of foreign policy and law :bA study of Indo-Nepal relations /cby Surya P. Subedi aNew DelhibOxford University Pressc2006 axiii, 274p.c20 cms. 2ddccENh327.5405496mSUB c65997d65997 001040708NFICaZLSbZLSd2012-05-02g595.00l0o327.5405496 SUBpB-163256r2012-05-02 00:00:00v595.00w2012-05-02yEN 001040708NFICaBL1bBL1d2018-07-27eBPPD/PUBg595.00l0o327.5405496 SUBp B-163255r2018-07-27 00:00:00v595.00w2018-07-27yEN 001040708NFICaBL4bBL4d2018-08-06eBPPD/PUBg595.00l0o327.5405496 SUBpB-163258r2018-08-06 00:00:00v595.00w2018-08-06yEN